Biggest Countries in Western Africa - Sudden Death - Statistics

General Stats
  • This quiz has been taken 36 times
  • The average score is 7 of 10
Answers on the Grid
Answers color-coded by a green-red scale on the quiz's grid according to % correct below.
Guinea
Liberia
Niger
Benin
Mali
Sierra Leone
Mauritania
Togo
Nigeria
Guinea-Bissau
Ghana
Senegal
Ivory Coast
Cape Verde
Burkina Faso
Gambia
 
Answer Stats
Answer % Correct
Nigeria
89%
Mali
86%
Burkina Faso
83%
Ivory Coast
83%
Mauritania
83%
Ghana
77%
Senegal
77%
Niger
74%
Guinea
63%
Benin
26%
No matching quizzes found
Score Distribution
Percent of People with Each Score
Percentile by Number Answered
Your Score History
You have not taken this quiz